[Event "FIDE Olympiad Disabilties 2020"]
[Site "Online"]
[Date "2020.11.21"]
[Round "2.27"]
[White "Patra Subhendu Kumar"]
[Black "Ozturk, Busra"]
[Result "1-0"]
[WhiteElo "1783"]
[BlackElo "1100"]
[Annotator "NA"]
[PlyCount "69"]
[EventDate "2020.11.21"]
[EventType "team-tourn"]
[EventCountry "NET"]
[SourceTitle "playchess.com"]
[Source "ChessBase"]
[SourceQuality "1"]
[WhiteTeam "India"]
[BlackTeam "Turkey"]
[WhiteTeamCountry "IND"]
[BlackTeamCountry "TUR"]

1. e4 c5 2. Nf3 d6 3. d4 cxd4 4. Nxd4 Nc6 5. Be3 e6 6. Nc3 Nf6 7. Be2 Be7 8. O-O O-O 9. h3 a6 10. a4 Rb8 11. Qd2 Bd7 12. f4 d5 13. exd5 Nxd4 14. Qxd4 exd5 15. Nxd5 Nxd5 16. Qxd5 Qc7 17. Bd3 Be6 18. Qe4 g6 19. Bd4 Bf5 20. Qe5 Qxe5 21. Bxe5 Bxd3 22. cxd3 Rbd8 23. Rfd1 Bc5+ 24. Kf1 f6 25. Bc3 Rfe8 26. Bxf6 Rd6 27. Be5 Rde6 28. d4 Bd6 29. d5 Bxe5 30. dxe6 Bxb2 31. Rab1 Ba3 32. Re1 Bd6 33. Re4 Kg7 34. Rxb7+ Kf6 35. Rf7# 1-0

[Event "FIDE Olympiad Disabilties 2020"]
[Site "Online"]
[Date "2020.11.21"]
[Round "2.27"]
[White "Yildirim, Seyfettin Cagri"]
[Black "Venkata, Krishna Karthik K"]
[Result "0-1"]
[WhiteElo "1516"]
[BlackElo "1903"]
[Annotator "NA"]
[PlyCount "82"]
[EventDate "2020.11.21"]
[EventType "team-tourn"]
[EventCountry "NET"]
[SourceTitle "playchess.com"]
[Source "ChessBase"]
[SourceQuality "1"]
[WhiteTeam "Turkey"]
[BlackTeam "India"]
[WhiteTeamCountry "TUR"]
[BlackTeamCountry "IND"]

1. e4 e5 2. Nf3 Nc6 3. Bc4 Bc5 4. O-O Nf6 5. d3 h6 6. c3 d6 7. h3 O-O 8. Bb3 Be6 9. Bc2 d5 10. Qe2 dxe4 11. dxe4 a6 12. Rd1 Qe7 13. Nbd2 b5 14. b4 Bb6 15. Nf1 Rfd8 16. Be3 Rxd1 17. Rxd1 Bxa2 18. Ng3 Be6 19. Nh4 Rd8 20. Ra1 Ra8 21. Ngf5 Bxf5 22. Nxf5 Qe6 23. Qf3 Bxe3 24. Qxe3 Ne7 25. g4 Nxf5 26. gxf5 Qc6 27. Kh2 Qb6 28. Qg3 Nh5 29. Qf3 Nf4 30. Bb3 Rd8 31. Rd1 Rxd1 32. Bxd1 a5 33. bxa5 Qxa5 34. Kg3 Qa1 35. h4 Qc1 36. h5 c5 37. Kh2 c4 38. Be2 Qe1 39. Bd1 f6 40. Kg3 Qg1+ 41. Kh4 Qg5# 0-1

[Event "FIDE Olympiad Disabilties 2020"]
[Site "Online"]
[Date "2020.11.21"]
[Round "2.27"]
[White "Bingol, Mehmet Ali"]
[Black "Soundarya Kumar Pradhan"]
[Result "0-1"]
[WhiteElo "1318"]
[BlackElo "1746"]
[Annotator "NA"]
[PlyCount "126"]
[EventDate "2020.11.21"]
[EventType "team-tourn"]
[EventCountry "NET"]
[SourceTitle "playchess.com"]
[Source "ChessBase"]
[SourceQuality "1"]
[WhiteTeam "Turkey"]
[BlackTeam "India"]
[WhiteTeamCountry "TUR"]
[BlackTeamCountry "IND"]

1. e4 e6 2. d4 d5 3. exd5 exd5 4. c4 Nf6 5. Nf3 Bb4+ 6. Bd2 Bxd2+ 7. Nbxd2 O-O 8. Bd3 Re8+ 9. Ne5 Nc6 10. Ndf3 Bg4 11. O-O Nxe5 12. dxe5 Rxe5 13. Be2 Re7 14. h3 Qe8 15. hxg4 Rxe2 16. g5 Ng4 17. Nd4 Re4 18. f3 Qe5 19. fxg4 Qxd4+ 20. Qxd4 Rxd4 21. cxd5 Rxd5 22. Rac1 c6 23. Rf5 Rad8 24. Rcf1 R8d7 25. R1f4 g6 26. Rf6 Rxg5 27. Rb4 Kg7 28. Rff4 c5 29. Ra4 b6 30. Kf2 Rgd5 31. b4 b5 32. Ra5 c4 33. Ra3 Rd2+ 34. Kg1 R2d3 35. Rf3 Rxf3 36. Rxf3 Rc7 37. Rc3 Kf6 38. Kf2 Kg5 39. Kf3 Rd7 40. Ke4 Kxg4 41. a4 Rd3 42. Rc1 a6 43. a5 Rb3 44. Kd4 Rxb4 45. Kc5 Rb3 46. Kb6 c3 47. Kxa6 b4 48. Kb7 Ra3 49. a6 Ra2 50. a7 Kf4 51. Rc2 Rxa7+ 52. Kxa7 Ke3 53. Kb6 Kd3 54. Rf2 c2 55. Rf3+ Ke2 56. Kb5 c1=Q 57. Kxb4 f5 58. Kb3 f4 59. Kb4 g5 60. Kb3 g4 61. Rc3 Qxc3+ 62. Kxc3 f3 63. gxf3 gxf3 0-1

[Event "FIDE Olympiad Disabilties 2020"]
[Site "Online"]
[Date "2020.11.21"]
[Round "2.27"]
[White "Sarita Manoj Kataria"]
[Black "Yeter, Orhan"]
[Result "1-0"]
[WhiteElo "1266"]
[BlackElo "1245"]
[Annotator "NA"]
[PlyCount "115"]
[EventDate "2020.11.21"]
[EventType "team-tourn"]
[EventCountry "NET"]
[SourceTitle "playchess.com"]
[Source "ChessBase"]
[SourceQuality "1"]
[WhiteTeam "India"]
[BlackTeam "Turkey"]
[WhiteTeamCountry "IND"]
[BlackTeamCountry "TUR"]

1. e4 e5 2. Nf3 Nc6 3. Bb5 Nf6 4. O-O a6 5. Ba4 Bc5 6. d3 O-O 7. Bxc6 bxc6 8. Be3 Bd6 9. Nbd2 Ng4 10. h3 Nxe3 11. fxe3 Re8 12. Nh2 Bc5 13. Qf3 Re7 14. c3 d5 15. d4 exd4 16. exd4 Ba7 17. exd5 Qxd5 18. Qxd5 cxd5 19. Rae1 Be6 20. Nb3 Bb6 21. Nf3 Rae8 22. Nc5 Bc8 23. Rxe7 Rxe7 24. Re1 Rxe1+ 25. Nxe1 Kf8 26. Kf2 Ke7 27. a3 Kd6 28. b4 a5 29. Ned3 axb4 30. axb4 Bf5 31. Ne5 Bxc5 32. bxc5+ Ke6 33. g4 Be4 34. Kg3 f6 35. Nf3 Bxf3 36. Kxf3 f5 37. Kf4 fxg4 38. hxg4 h6 39. Kf3 Kf6 40. Kg3 g5 41. Kf3 Ke6 42. Kg3 Kd7 43. Kf3 Kc6 44. Ke3 Kb5 45. Kd3 Ka4 46. Kc2 Ka3 47. Kd3 Kb3 48. Kd2 Kb2 49. Kd3 Kc1 50. c4 dxc4+ 51. Kxc4 Kc2 52. d5 Kd2 53. d6 cxd6 54. cxd6 Ke3 55. d7 Kf4 56. d8=Q Kxg4 57. Qd7+ Kg3 58. Qd6+ 1-0

[Event "FIDE Olympiad Disabilties 2020"]
[Site "Online"]
[Date "2020.11.21"]
[Round "2.28"]
[White "Alam, Khorshed"]
[Black "Mappa, Saharuddin"]
[Result "1/2-1/2"]
[WhiteElo "2065"]
[BlackElo "1695"]
[Annotator "TA"]
[PlyCount "88"]
[EventDate "2020.11.21"]
[EventType "team-tourn"]
[EventCountry "NET"]
[SourceTitle "playchess.com"]
[Source "ChessBase"]
[SourceQuality "1"]
[WhiteTeam "Bangladesh"]
[BlackTeam "Malaysia"]
[WhiteTeamCountry "BAN"]
[BlackTeamCountry "MAS"]

1. d4 d5 2. Nf3 f5 3. c4 c6 4. Qc2 Nf6 5. g3 e6 6. Bg2 Bd6 7. O-O O-O 8. Nbd2 Nbd7 9. a3 Ne4 10. b4 Ndf6 11. Bb2 Bd7 12. Rad1 Rc8 13. Ne5 Be8 14. f3 Ng5 15. c5 Bb8 16. e4 Nd7 17. Nxd7 Qxd7 18. e5 Bg6 19. Qb3 Bc7 20. h4 Nf7 21. a4 a6 22. Kh2 Nh6 23. Ba3 Qe7 24. f4 Ng4+ 25. Kg1 Bh5 26. b5 Rb8 27. b6 Bd8 28. Nf3 Qd7 29. Rde1 Be7 30. Nh2 Nxh2 31. Kxh2 Bg4 32. Bc1 Kf7 33. Be3 Rh8 34. Kg1 Rbg8 35. Kf2 Ke8 36. Rh1 g6 37. Qb1 Bd8 38. Bf3 Bxf3 39. Kxf3 h5 40. Bf2 Be7 41. Re2 Kd8 42. Rc2 Kc8 43. Be1 Kb8 44. Bf2 Qd8 1/2-1/2

[Event "FIDE Olympiad Disabilties 2020"]
[Site "Online"]
[Date "2020.11.21"]
[Round "2.28"]
[White "Sarkar, Bappi"]
[Black "Juarih, Norazlin"]
[Result "1-0"]
[WhiteElo "1808"]
[BlackElo "1480"]
[Annotator "NA"]
[PlyCount "113"]
[EventDate "2020.11.21"]
[EventType "team-tourn"]
[EventCountry "NET"]
[SourceTitle "playchess.com"]
[Source "ChessBase"]
[SourceQuality "1"]
[WhiteTeam "Bangladesh"]
[BlackTeam "Malaysia"]
[WhiteTeamCountry "BAN"]
[BlackTeamCountry "MAS"]

1. e4 c6 2. d4 d5 3. e5 c5 4. c3 Nc6 5. Nf3 Bg4 6. Be2 Bxf3 7. Bxf3 e6 8. Be3 Nge7 9. Qb3 Qb6 10. Nd2 Nf5 11. Qxb6 axb6 12. Nb3 Nxe3 13. fxe3 Be7 14. e4 Rd8 15. exd5 exd5 16. O-O O-O 17. Rad1 cxd4 18. cxd4 Bg5 19. Rfe1 Nb4 20. a3 Nc2 21. Re2 Ne3 22. Rd3 Nc4 23. Rc2 Ne3 24. Rc7 Rc8 25. Rdc3 Rxc7 26. Rxc7 Nf5 27. Bxd5 Nxd4 28. Rxb7 Be3+ 29. Kf1 g6 30. a4 Nxb3 31. Bxb3 Bd4 32. Re7 Kg7 33. e6 Kf6 34. Rxf7+ Rxf7 35. exf7 Ke7 36. Ke2 Bxb2 37. Kf3 Bd4 38. h3 Bg7 39. Ke4 Kd6 40. g4 Bf8 41. Kf4 Ke7 42. Kg5 Bg7 43. Kf4 h6 44. Ke4 Kd6 45. Kd3 Ke5 46. Kc4 Kd6 47. Kb5 Kc7 48. h4 g5 49. h5 Bf8 50. Kc4 Kd6 51. Kd4 Bg7+ 52. Ke4 Ke7 53. Kf5 Bf8 54. Kg6 Kd6 55. Kh7 Kd7 56. Kg8 Ke7 57. Bc4 1-0

[Event "FIDE Olympiad Disabilties 2020"]
[Site "Online"]
[Date "2020.11.21"]
[Round "2.28"]
[White "Loo, Pin Xie"]
[Black "Husain, Ejaz"]
[Result "0-1"]
[WhiteElo "1571"]
[BlackElo "1952"]
[Annotator "TA"]
[PlyCount "126"]
[EventDate "2020.11.21"]
[EventType "team-tourn"]
[EventCountry "NET"]
[SourceTitle "playchess.com"]
[Source "ChessBase"]
[SourceQuality "1"]
[WhiteTeam "Malaysia"]
[BlackTeam "Bangladesh"]
[WhiteTeamCountry "MAS"]
[BlackTeamCountry "BAN"]

1. e4 c5 2. Nc3 e6 3. g3 Nc6 4. Bg2 g6 5. f4 b6 6. d3 Bg7 7. Nf3 Nge7 8. O-O O-O 9. h3 Rb8 10. e5 d6 11. exd6 Qxd6 12. Ne4 Qc7 13. Rb1 Bb7 14. Bd2 Nd4 15. c3 Nxf3+ 16. Bxf3 Rbd8 17. Qe2 Ba6 18. c4 Qd7 19. Nf2 Bxc4 20. dxc4 Qxd2 21. Qe4 Rd4 22. Qb7 Rd7 23. Qe4 Bd4 24. Kg2 Nf5 25. Be2 Ne3+ 26. Kf3 Nxf1 27. Rxf1 Bxf2 28. Kxf2 Qd4+ 29. Qxd4 Rxd4 30. Ke3 Rfd8 31. a3 Rd2 32. b4 Ra2 33. bxc5 Rxa3+ 34. Kf2 bxc5 35. Rb1 Rd2 36. Ke1 Raa2 37. Bf1 Rdc2 38. Kd1 Rcb2 39. Rc1 Ra3 40. g4 Rf3 41. Ke1 Rxf4 42. Ra1 Rb7 43. Kd2 Rd4+ 44. Kc3 Rc7 45. Ra5 f6 46. Rxc5 Rxc5 47. Kxd4 Rc8 48. c5 a5 49. Bb5 Kf7 50. c6 Ke7 51. Kc5 f5 52. Kb6 Rb8+ 53. Kxa5 Rxb5+ 54. Kxb5 Kd8 55. Kb6 Kc8 56. gxf5 exf5 57. Kc5 Kc7 58. Kd5 g5 59. Ke5 f4 60. Ke4 Kxc6 61. h4 h6 62. Kd4 Kd6 63. Ke4 Ke6 0-1

[Event "FIDE Olympiad Disabilties 2020"]
[Site "Online"]
[Date "2020.11.21"]
[Round "2.28"]
[White "Ahmad, Aqilah Syahira"]
[Black "Marufa Azad, Sukanna"]
[Result "1-0"]
[WhiteElo "1146"]
[BlackElo "1164"]
[Annotator "NA"]
[PlyCount "119"]
[EventDate "2020.11.21"]
[EventType "team-tourn"]
[EventCountry "NET"]
[SourceTitle "playchess.com"]
[Source "ChessBase"]
[SourceQuality "1"]
[WhiteTeam "Malaysia"]
[BlackTeam "Bangladesh"]
[WhiteTeamCountry "MAS"]
[BlackTeamCountry "BAN"]

1. e4 e5 2. Nf3 Nc6 3. Bb5 Nf6 4. Bxc6 bxc6 5. O-O d6 6. Nc3 Bg4 7. h3 Bh5 8. d3 h6 9. Be3 d5 10. exd5 cxd5 11. d4 e4 12. g4 Nxg4 13. hxg4 Bxg4 14. Qe2 exf3 15. Qb5+ Bd7 16. Qxd5 Be6 17. Qxf3 Bd6 18. Ne2 Qh4 19. Qg2 Bc4 20. Rfe1 g5 21. Ng3 Kd7 22. b3 Bb5 23. c4 Bc6 24. d5 Bb7 25. Re2 Kd8 26. Bd4 Rf8 27. Rae1 Qxd4 28. Nf5 Qf6 29. Ng3 Bc8 30. Ne4 Qe7 31. Nxd6 Qxd6 32. Qf3 Bd7 33. Qh5 c5 34. dxc6 Bxc6 35. Re3 Kc7 36. Re7+ Bd7 37. Rxf7 Rfe8 38. Rd1 Re1+ 39. Rxe1 Kb6 40. Qf3 Bc6 41. Qe3+ Ka6 42. Qc3 Rd8 43. Rf6 Qd7 44. Qb4 Qg4+ 45. Kf1 Qg2+ 46. Ke2 Re8+ 47. Kd1 Qg4+ 48. Kc1 Rxe1+ 49. Qxe1 Qd7 50. Qb4 Qb7 51. Qa3+ Kb6 52. c5+ Kb5 53. Qa4+ Kxc5 54. Qc4+ Kb6 55. b4 a6 56. a4 Ka7 57. Rxc6 Kb8 58. Rxh6 Ka7 59. Qc5+ Kb8 60. Rh8+ 1-0

[Event "FIDE Olympiad Disabilties 2020"]
[Site "Online"]
[Date "2020.11.21"]
[Round "2.29"]
[White "Mosongoh Geoffrey Maoga"]
[Black "Erten, Ozlem"]
[Result "1-0"]
[WhiteElo "1199"]
[BlackElo "1138"]
[Annotator "NA"]
[PlyCount "65"]
[EventDate "2020.11.21"]
[EventType "team-tourn"]
[EventCountry "NET"]
[SourceTitle "playchess.com"]
[Source "ChessBase"]
[SourceQuality "1"]
[WhiteTeam "Kenya"]
[BlackTeam "Turkey"]
[WhiteTeamCountry "KEN"]
[BlackTeamCountry "TUR"]

1. e3 e5 2. Bc4 d5 3. Bb5+ Nc6 4. Nf3 Bd6 5. O-O Nf6 6. d4 e4 7. Ne5 Bd7 8. Nxd7 Qxd7 9. Nc3 O-O 10. Bxc6 bxc6 11. Ne2 Qg4 12. Nf4 Qh4 13. g3 Qh6 14. c3 g5 15. Ng2 Nh5 16. Qg4 f5 17. Qe2 Nf6 18. f4 gxf4 19. exf4 Qh5 20. Qxh5 Nxh5 21. Ne3 Kh8 22. c4 Rf6 23. cxd5 cxd5 24. Nxd5 Rg6 25. Ne3 Rf8 26. Ng2 Rfg8 27. Be3 Nxg3 28. hxg3 Rxg3 29. Rf2 Rxe3 30. Rc1 Reg3 31. Rc3 Bxf4 32. Rxg3 Bxg3 33. Rxf5 1-0

[Event "FIDE Olympiad Disabilties 2020"]
[Site "Online"]
[Date "2020.11.21"]
[Round "3.1"]
[White "Tazbir, Marcin"]
[Black "Pokotaiev, Vladyslav"]
[Result "1-0"]
[WhiteElo "2513"]
[BlackElo "1839"]
[Annotator "TA"]
[PlyCount "97"]
[EventDate "2020.11.21"]
[EventType "team-tourn"]
[EventCountry "NET"]
[SourceTitle "playchess.com"]
[Source "ChessBase"]
[SourceQuality "1"]
[WhiteTeam "Poland"]
[BlackTeam "Ukraine"]
[WhiteTeamCountry "POL"]
[BlackTeamCountry "UKR"]

1. c4 e6 2. g3 d5 3. Bg2 c6 4. Qc2 Bd6 5. Nf3 Nf6 6. O-O O-O 7. d3 e5 8. Nc3 d4 9. Na4 c5 10. a3 Nc6 11. Rb1 a5 12. Bg5 Bf5 13. Nd2 h6 14. Bxf6 Qxf6 15. Qb3 Qe7 16. Qb5 Qc7 17. Nb3 Rab8 18. Qb6 Qxb6 19. Nxb6 Ne7 20. Nd2 Nc8 21. Nd5 Rd8 22. b4 a4 23. Ne4 Bxe4 24. Bxe4 b6 25. bxc5 Bxc5 26. Nb4 Nd6 27. Bd5 Rbc8 28. Na6 Bxa3 29. Rxb6 e4 30. Ra1 Bc5 31. Nxc5 Rxc5 32. Rxa4 exd3 33. exd3 Nf5 34. Ra7 Rf8 35. Rbb7 Nd6 36. Rd7 Nc8 37. Rab7 Kh8 38. Kg2 Ra5 39. Bf3 Ra3 40. Rxd4 Kg8 41. Rdd7 g6 42. Bd5 Ra2 43. Rxf7 Rxf7 44. Bxf7+ Kg7 45. Be6+ Kf6 46. Bxc8 Ke5 47. Rd7 Rd2 48. Rd5+ Kf6 49. c5 1-0

[Event "FIDE Olympiad Disabilties 2020"]
[Site "Online"]
[Date "2020.11.21"]
[Round "3.1"]
[White "Nowak, Lukasz"]
[Black "Osypova, Alona"]
[Result "1-0"]
[WhiteElo "2265"]
[BlackElo "1568"]
[Annotator "TA"]
[PlyCount "91"]
[EventDate "2020.11.21"]
[EventType "team-tourn"]
[EventCountry "NET"]
[SourceTitle "playchess.com"]
[Source "ChessBase"]
[SourceQuality "1"]
[WhiteTeam "Poland"]
[BlackTeam "Ukraine"]
[WhiteTeamCountry "POL"]
[BlackTeamCountry "UKR"]

1. c4 c5 2. g3 Nc6 3. Bg2 g6 4. Nc3 Bg7 5. e3 e6 6. b3 Nge7 7. Ba3 b6 8. Nge2 O-O 9. O-O d5 10. cxd5 exd5 11. d4 cxd4 12. Nxd4 Nxd4 13. exd4 Be6 14. Re1 Re8 15. Rc1 Rc8 16. Qd3 Nf5 17. Nb5 a6 18. Rxc8 Qxc8 19. Nd6 Nxd6 20. Bxd6 Qc6 21. Bf4 Rc8 22. Qxa6 Ra8 23. Qe2 Bxd4 24. Rd1 Bc5 25. a4 Rd8 26. Be5 Bf8 27. Ba1 Bg7 28. Bxg7 Kxg7 29. Qd2 b5 30. Rc1 Qb7 31. a5 Rc8 32. Rxc8 Qxc8 33. Bxd5 Qd7 34. Qc3+ Kg8 35. Bxe6 Qxe6 36. h4 h5 37. b4 Kf8 38. Qc5+ Kg7 39. Qxb5 Qe1+ 40. Kg2 Qe4+ 41. Kh2 Qe1 42. Qc5 Qe4 43. a6 f5 44. a7 f4 45. Qc7+ Kh6 46. Qxf4+ 1-0

[Event "FIDE Olympiad Disabilties 2020"]
[Site "Online"]
[Date "2020.11.21"]
[Round "3.1"]
[White "Filippskikh, Oleksii"]
[Black "Molenda, Marcin"]
[Result "0-1"]
[WhiteElo "1983"]
[BlackElo "2349"]
[Annotator "TA"]
[PlyCount "112"]
[EventDate "2020.11.21"]
[EventType "team-tourn"]
[EventCountry "NET"]
[SourceTitle "playchess.com"]
[Source "ChessBase"]
[SourceQuality "1"]
[WhiteTeam "Ukraine"]
[BlackTeam "Poland"]
[WhiteTeamCountry "UKR"]
[BlackTeamCountry "POL"]

1. Nf3 g6 2. g3 Bg7 3. Bg2 Nf6 4. O-O O-O 5. c4 d6 6. d4 c6 7. Nc3 Qa5 8. Qd2 Qh5 9. Qg5 Nbd7 10. Qxh5 Nxh5 11. Rd1 Re8 12. b3 Nhf6 13. Bb2 a6 14. a4 a5 15. Rac1 e5 16. e3 Bf8 17. Ba3 Nb8 18. h3 Na6 19. Ne1 Nb4 20. Bxb4 axb4 21. Na2 exd4 22. exd4 d5 23. c5 Bh6 24. f4 g5 25. Nd3 gxf4 26. gxf4 Nh5 27. Re1 Bf5 28. Naxb4 Nxf4 29. Nxf4 Bxf4 30. Rxe8+ Rxe8 31. Rf1 Be3+ 32. Kh1 Bg6 33. Re1 Kf8 34. a5 Bxd4 35. Rxe8+ Kxe8 36. Nxd5 cxd5 37. Bxd5 Bxc5 38. Bxb7 Bf5 39. Kg2 Be6 40. Be4 f5 41. Bc2 Ke7 42. a6 Kf6 43. Kg3 Kg5 44. Bd1 f4+ 45. Kh2 Kh4 46. Bc2 h6 47. Kg2 Bd5+ 48. Kh2 Ba7 49. Bd1 f3 50. b4 Bb8+ 51. Kg1 Kg3 52. Bxf3 Kxf3 53. h4 h5 54. b5 Bc4 55. b6 Bxa6 56. Kh1 Kf2 0-1

[Event "FIDE Olympiad Disabilties 2020"]
[Site "Online"]
[Date "2020.11.21"]
[Round "3.1"]
[White "Myronenko, Natalya"]
[Black "Stolarczyk, Anna"]
[Result "1/2-1/2"]
[WhiteElo "1830"]
[BlackElo "1909"]
[Annotator "NA"]
[PlyCount "150"]
[EventDate "2020.11.21"]
[EventType "team-tourn"]
[EventCountry "NET"]
[SourceTitle "playchess.com"]
[Source "ChessBase"]
[SourceQuality "1"]
[WhiteTeam "Ukraine"]
[BlackTeam "Poland"]
[WhiteTeamCountry "UKR"]
[BlackTeamCountry "POL"]

1. e4 c5 2. Nf3 d6 3. c3 Nf6 4. h3 Bd7 5. Bd3 a6 6. O-O g6 7. Re1 e5 8. Bc2 Bg7 9. d4 Nc6 10. dxc5 dxc5 11. Qd6 Qe7 12. Qxe7+ Kxe7 13. Be3 b6 14. Na3 Be6 15. Ba4 Rac8 16. Ng5 Rhd8 17. Nxe6 Kxe6 18. Bb3+ Ke7 19. Nc4 Rb8 20. Nxb6 Nxe4 21. Nc4 Rbc8 22. f3 Nd6 23. Bxc5 Bf8 24. Bxd6+ Rxd6 25. Nxd6 Kxd6 26. Bxf7 a5 27. Rad1+ Kc7 28. Bg8 Bc5+ 29. Kh1 Rxg8 30. a3 Rb8 31. b4 axb4 32. axb4 Bf2 33. Re2 Bg3 34. Red2 Kb6 35. Rd5 Re8 36. c4 e4 37. fxe4 Rxe4 38. b5 Nb4 39. Rd7 Rxc4 40. Rxh7 Nd3 41. Rb1 Nf4 42. Rf7 Rc2 43. Rf6+ Kb7 44. Rf1 g5 45. Rf5 Bh4 46. Rf6 Rb2 47. Rh6 Bg3 48. Rh7+ Kb6 49. h4 gxh4 50. Rf7 Rb4 51. Ra1 Rxb5 52. Rf6+ Kc5 53. Rf5+ Nd5 54. Rc1+ Kd4 55. Rd1+ Ke4 56. Rfxd5 Rxd5 57. Rxd5 Kxd5 58. Kg1 Ke4 59. Kh1 Bf2 60. Kh2 Ke3 61. Kh1 Ke2 62. Kh2 Ke1 63. Kh1 Kf1 64. Kh2 Be1 65. Kh1 Kf2 66. Kh2 Bb4 67. Kh1 Kg3 68. Kg1 Bc5+ 69. Kh1 Bd6 70. Kg1 Bf4 71. Kh1 Kf2 72. g3 Kxg3 73. Kg1 Kh3 74. Kh1 Bg3 75. Kg1 Bf2+ 1/2-1/2

[Event "FIDE Olympiad Disabilties 2020"]
[Site "Online"]
[Date "2020.11.21"]
[Round "3.2"]
[White "Shevelev, Arkady"]
[Black "Dukaczewski, Piotr"]
[Result "1/2-1/2"]
[WhiteElo "2280"]
[BlackElo "2163"]
[Annotator "TA"]
[PlyCount "74"]
[EventDate "2020.11.21"]
[EventType "team-tourn"]
[EventCountry "NET"]
[SourceTitle "playchess.com"]
[Source "ChessBase"]
[SourceQuality "1"]
[WhiteTeam "Israel"]
[BlackTeam "Poland"]
[WhiteTeamCountry "ISR"]
[BlackTeamCountry "POL"]

1. e4 c5 2. Nf3 Nc6 3. d4 cxd4 4. Nxd4 e5 5. Nf3 Nf6 6. Nc3 Bb4 7. Bc4 O-O 8. O-O Bxc3 9. bxc3 d6 10. Qd3 Na5 11. Bb3 Be6 12. Ba3 Re8 13. Bxd6 Nxe4 14. Bxe5 Qxd3 15. cxd3 Nxb3 16. axb3 Nc5 17. d4 Nxb3 18. Ra4 Bd5 19. Rb1 Bxf3 20. gxf3 Nd2 21. Rxb7 Nxf3+ 22. Kg2 Nxe5 23. dxe5 a5 24. Rb6 Rxe5 25. c4 g6 26. Rb5 f6 27. c5 Kg7 28. Rbxa5 Rxa5 29. Rxa5 Kh6 30. Ra6 Rxc5 31. Rxf6 Kg5 32. Rf7 h5 33. h3 Rc3 34. Rf8 Rb3 35. Rf7 Rc3 36. Rf8 Rb3 37. Rf7 Rc3 1/2-1/2

[Event "FIDE Olympiad Disabilties 2020"]
[Site "Online"]
[Date "2020.11.21"]
[Round "3.2"]
[White "Streltsov, Alexey"]
[Black "Zielinska, Aleksandra"]
[Result "1-0"]
[WhiteElo "2192"]
[BlackElo "1325"]
[Annotator "TA"]
[PlyCount "47"]
[EventDate "2020.11.21"]
[EventType "team-tourn"]
[EventCountry "NET"]
[SourceTitle "playchess.com"]
[Source "ChessBase"]
[SourceQuality "1"]
[WhiteTeam "Israel"]
[BlackTeam "Poland"]
[WhiteTeamCountry "ISR"]
[BlackTeamCountry "POL"]

1. d4 Nf6 2. Nc3 g6 3. e4 d6 4. Bf4 Bg7 5. Qd2 Nbd7 6. Nf3 b6 7. Bh6 O-O 8. h4 e5 9. Bxg7 Kxg7 10. O-O-O Bb7 11. h5 Nxh5 12. g4 Nf4 13. dxe5 Rh8 14. Qxf4 Qe7 15. exd6 cxd6 16. Bc4 Nc5 17. Qh6+ Kg8 18. Ng5 Ne6 19. Nxe6 fxe6 20. f4 Rc8 21. Bb3 Re8 22. f5 Qg7 23. Bxe6+ Kf8 24. Qf4 1-0

[Event "FIDE Olympiad Disabilties 2020"]
[Site "Online"]
[Date "2020.11.21"]
[Round "3.2"]
[White "Stachanczyk, Jacek"]
[Black "Zilberman, Yaacov"]
[Result "1/2-1/2"]
[WhiteElo "2122"]
[BlackElo "2339"]
[Annotator "TA"]
[PlyCount "85"]
[EventDate "2020.11.21"]
[EventType "team-tourn"]
[EventCountry "NET"]
[SourceTitle "playchess.com"]
[Source "ChessBase"]
[SourceQuality "1"]
[WhiteTeam "Poland"]
[BlackTeam "Israel"]
[WhiteTeamCountry "POL"]
[BlackTeamCountry "ISR"]

1. e4 c5 2. Nf3 Nc6 3. d4 cxd4 4. Nxd4 g6 5. c4 Bg7 6. Be3 Nf6 7. Nc3 Ng4 8. Qxg4 Nxd4 9. Qd1 Ne6 10. Qd2 Qa5 11. Rc1 b6 12. Qd5 Rb8 13. Qxa5 bxa5 14. b3 Bd4 15. Kd2 d6 16. Nb5 Bxe3+ 17. Kxe3 a6 18. Nc3 Nc5 19. Bd3 Bd7 20. Rb1 e6 21. Rhd1 Ke7 22. Bc2 Rb6 23. f4 Rhb8 24. e5 dxe5 25. fxe5 Bc6 26. Be4 Bxe4 27. Nxe4 Nd7 28. Kf4 h6 29. h4 a4 30. Rd3 axb3 31. axb3 g5+ 32. hxg5 hxg5+ 33. Nxg5 Nc5 34. Rd6 Rxd6 35. exd6+ Kxd6 36. Nxf7+ Ke7 37. Ne5 Rxb3 38. Rxb3 Nxb3 39. Ke4 a5 40. Kd3 Kf6 41. Nc6 e5 42. Kc3 a4 43. Nb4 1/2-1/2

[Event "FIDE Olympiad Disabilties 2020"]
[Site "Online"]
[Date "2020.11.21"]
[Round "3.2"]
[White "Migala, Andrzej"]
[Black "Aleksandrova, Aleksandra"]
[Result "1-0"]
[WhiteElo "2080"]
[BlackElo "1780"]
[Annotator "TA"]
[PlyCount "93"]
[EventDate "2020.11.21"]
[EventType "team-tourn"]
[EventCountry "NET"]
[SourceTitle "playchess.com"]
[Source "ChessBase"]
[SourceQuality "1"]
[WhiteTeam "Poland"]
[BlackTeam "Israel"]
[WhiteTeamCountry "POL"]
[BlackTeamCountry "ISR"]

1. e4 d5 2. exd5 Qxd5 3. Nc3 Qa5 4. Bc4 e6 5. d3 c6 6. Qe2 Nf6 7. Bd2 Qc7 8. Nf3 Bd6 9. d4 Nbd7 10. O-O O-O 11. Rfe1 b5 12. Bd3 a5 13. a4 b4 14. Ne4 Nxe4 15. Qxe4 Nf6 16. Qh4 Ba6 17. Ne5 Bxd3 18. Nxd3 Nd5 19. Be3 Rab8 20. b3 f5 21. Bd2 Rf6 22. Rad1 f4 23. Qh3 Rh6 24. Qf3 Rf8 25. Ne5 Rf5 26. Nc4 Rfh5 27. h3 Bf8 28. Re4 g5 29. Rxe6 Rxh3 30. gxh3 Rxe6 31. Qg4 Qe7 32. Ne5 Bg7 33. Re1 Qe8 34. Nf3 Rxe1+ 35. Bxe1 h6 36. h4 Qg6 37. hxg5 h5 38. Qd7 Qe4 39. Kg2 Bxd4 40. Qh3 Bc3 41. Bxc3 Nxc3 42. Qxh5 Qxc2 43. g6 Kf8 44. Qh8+ Ke7 45. Qe5+ Kd7 46. g7 Qg6+ 47. Qg5 1-0

[Event "FIDE Olympiad Disabilties 2020"]
[Site "Online"]
[Date "2020.11.21"]
[Round "3.3"]
[White "Obodchuk, Andrei"]
[Black "Saltik, Suleyman"]
[Result "1-0"]
[WhiteElo "2299"]
[BlackElo "1639"]
[Annotator "RC"]
[PlyCount "87"]
[EventDate "2020.11.21"]
[EventType "team-tourn"]
[EventCountry "NET"]
[SourceTitle "playchess.com"]
[Source "ChessBase"]
[SourceQuality "1"]
[WhiteTeam "Russia"]
[BlackTeam "Turkey"]
[WhiteTeamCountry "RUS"]
[BlackTeamCountry "TUR"]

1. e4 c6 2. d4 d5 3. e5 Bf5 4. h4 h6 5. g4 Bd7 6. h5 e6 7. Nd2 c5 8. c3 Nc6 9. Nb3 cxd4 10. cxd4 Bb4+ 11. Bd2 Qb6 12. Bxb4 Qxb4+ 13. Qd2 Qxd2+ 14. Kxd2 Nge7 15. f4 a5 16. Nf3 b6 17. Bd3 Nb4 18. Be2 Ba4 19. a3 Na6 20. Nc1 Kd7 21. b3 Bc6 22. Nd3 Rhc8 23. Nh4 Nc7 24. f5 Nb5 25. Ke3 Nc3 26. f6 gxf6 27. exf6 Ng8 28. Ne5+ Ke8 29. Bd3 Nxf6 30. Raf1 Ke7 31. Rxf6 Kxf6 32. Rf1+ Ke7 33. Rxf7+ Kd6 34. Nhg6 Nd1+ 35. Kd2 Nb2 36. Rh7 Nxd3 37. Kxd3 Bb5+ 38. Kd2 Rc7 39. Nf7+ Kc6 40. Nge5+ Kb7 41. Nd6+ Kb8 42. Rh8+ Ka7 43. Nxb5+ Kb7 44. Rxa8 1-0